[Event "Open Bicentenario Móstoles 1808"]
[Site "Móstoles ESP"]
[Date "2008.05.26"]
[Round "5.14"]
[White "Lopez Heras, Arturo"]
[Black "Ballesteros Gonzalez, David"]
[Result "0-1"]
[WhiteElo "2014"]
[BlackElo "2303"]
[PlyCount "80"]
[EventDate "2008.05.20"]
[EventType "swiss"]
[EventRounds "1"]
[EventCountry "ESP"]
[Source "lmi"]
[SourceDate "2008.05.20"]

1. e4 g6 2. d4 d6 3. Nc3 c6 4. Nf3 Bg7 5. Bd3 Bg4 6. Be3 Qb6 7. O-O Qxb2 8. Qd2
Qb6 9. Rab1 Qc7 10. d5 Bxf3 11. gxf3 Nd7 12. f4 Ngf6 13. dxc6 bxc6 14. Ba6 O-O
15. Rb7 Qa5 16. Qd3 Ng4 17. Rxd7 Qh5 18. Rd1 Nxe3 19. Qxe3 Qg4+ 20. Qg3 Qxd7
21. e5 Qc7 22. exd6 exd6 23. Ne4 d5 24. Ng5 h6 25. Nf3 Rfe8 26. Bd3 c5 27. c4
d4 28. h4 Rab8 29. Kg2 Rb2 30. Rd2 Reb8 31. Qg4 h5 32. Qg5 Rxd2 33. Nxd2 Qc6+
34. Kg3 Bf6 35. Qh6 Qe6 36. f5 Qe5+ 37. Kg2 Bg7 38. Qg5 Rb2 39. Qd8+ Bf8 40.
Nf3 Qe3 0-1

[Event "Open Bicentenario Móstoles 1808"]
[Site "Móstoles ESP"]
[Date "2008.05.26"]
[Round "5.15"]
[White "Toranzo Fernandez, Dionisio"]
[Black "De la Fuente Gonzalez, Francisco"]
[Result "1/2-1/2"]
[WhiteElo "2011"]
[BlackElo "2244"]
[PlyCount "70"]
[EventDate "2008.05.20"]
[EventType "swiss"]
[EventRounds "1"]
[EventCountry "ESP"]
[Source "lmi"]
[SourceDate "2008.05.20"]

1. Nf3 d5 2. d4 Nf6 3. c4 c6 4. cxd5 cxd5 5. Nc3 Nc6 6. Bf4 a6 7. Rc1 e6 8. e3
Bd6 9. Bg3 O-O 10. Bd3 Bxg3 11. hxg3 h6 12. O-O Qd6 13. Be2 b5 14. a3 Bb7 15.
b4 Ne4 16. Nxe4 dxe4 17. Nd2 Ne7 18. Qc2 Rac8 19. Qb1 f5 20. Nb3 Bd5 21. Rc5
Rxc5 22. Nxc5 g5 23. Qc2 Qc6 24. a4 f4 25. gxf4 gxf4 26. axb5 axb5 27. Ra1 fxe3
28. fxe3 Qc7 29. Bg4 Nf5 30. Bxf5 Rxf5 31. Rf1 Qg3 32. Rxf5 exf5 33. Qf2 Qg4
34. Kh2 Qh5+ 35. Kg1 Qd1+ 1/2-1/2

[Event "Open Bicentenario Móstoles 1808"]
[Site "Móstoles ESP"]
[Date "2008.05.26"]
[Round "5.16"]
[White "Salcedo Tornero, Pablo"]
[Black "Cabañas Bravo, Juan Andres"]
[Result "0-1"]
[WhiteElo "2162"]
[BlackElo "1959"]
[PlyCount "56"]
[EventDate "2008.05.20"]
[EventType "swiss"]
[EventRounds "1"]
[EventCountry "ESP"]
[Source "lmi"]
[SourceDate "2008.05.20"]

1. Nf3 Nf6 2. b3 g6 3. Bb2 Bg7 4. e3 O-O 5. Be2 d5 6. d3 c5 7. Nbd2 Nc6 8. O-O
Qc7 9. c4 dxc4 10. bxc4 Rd8 11. Qb3 Bf5 12. Rfd1 Rd7 13. Nf1 Rad8 14. Ng3 Bg4
15. h3 Bxf3 16. Bxf3 Qb6 17. Be2 Qxb3 18. axb3 Nh5 19. Bxg7 Nxg3 20. Bf3 Kxg7
21. fxg3 Rxd3 22. Rxd3 Rxd3 23. Bxc6 bxc6 24. Kf2 Rxb3 25. Rxa7 e5 26. Ra5 Rb6
27. Rxc5 Kf6 28. g4 Ra6 0-1

[Event "Open Bicentenario Móstoles 1808"]
[Site "Móstoles ESP"]
[Date "2008.05.26"]
[Round "5.17"]
[White "Fernandez Garcia, Ignacio"]
[Black "Sanchez Naranjo, Jose Manuel"]
[Result "0-1"]
[WhiteElo "1992"]
[BlackElo "2134"]
[PlyCount "134"]
[EventDate "2008.05.20"]
[EventType "swiss"]
[EventRounds "1"]
[EventCountry "ESP"]
[Source "lmi"]
[SourceDate "2008.05.20"]

1. e4 c5 2. Nf3 Nc6 3. Bc4 g6 4. O-O Bg7 5. c3 d6 6. d4 Nf6 7. d5 Ne5 8. Nxe5
dxe5 9. Bb5+ Bd7 10. Bxd7+ Qxd7 11. Qe2 O-O 12. Nd2 Ne8 13. Nc4 Nd6 14. Nxd6
exd6 15. c4 f5 16. f3 fxe4 17. fxe4 Rxf1+ 18. Kxf1 Qe7 19. Be3 Qh4 20. g4 Qh3+
21. Kg1 Rf8 22. Bg5 Rf3 23. Qg2 Qxg2+ 24. Kxg2 Rd3 25. Rf1 Bf8 26. Rf3 Rd4 27.
Rc3 Rxe4 28. Kf3 Rd4 29. Be3 Rd1 30. Rc2 Rf1+ 31. Kg2 Rf7 32. b4 cxb4 33. Bxa7
b5 34. Be3 Rc7 35. Bd2 Rxc4 36. Rxc4 bxc4 37. Bxb4 Kf7 38. a4 Ke7 39. a5 Kd7
40. Kf3 Kc7 41. h4 Kb7 42. h5 Ka6 43. Kg3 Bh6 44. Kf3 Bf4 45. Ke4 Kb5 46. Bc3
Bh2 47. Kf3 gxh5 48. gxh5 Bg1 49. Ke4 Bc5 50. Be1 Bd4 51. Kf5 c3 52. Ke6 c2 53.
Bd2 Bc5 54. Kf5 Kc4 55. Ke4 Bb4 56. a6 Bc5 57. Bc1 Kb5 58. Kd3 Ba7 59. Ba3 Bc5
60. Kxc2 Kxa6 61. Bc1 e4 62. Kb3 Kb5 63. Bf4 Bb4 64. Be3 Be1 65. Bd4 Bd2 66.
Bf6 Kc5 67. Kc2 Be3 0-1

[Event "Open Bicentenario Móstoles 1808"]
[Site "Móstoles ESP"]
[Date "2008.05.26"]
[Round "5.19"]
[White "Vazquez Gonzalez, Jesus"]
[Black "Aguado Rodriguez, Guillermo"]
[Result "1-0"]
[WhiteElo "2079"]
[BlackElo "1860"]
[PlyCount "69"]
[EventDate "2008.05.20"]
[EventType "swiss"]
[EventRounds "1"]
[EventCountry "ESP"]
[Source "lmi"]
[SourceDate "2008.05.20"]

1. e4 e5 2. Nf3 Nc6 3. d4 exd4 4. Nxd4 Bc5 5. Be3 Qf6 6. Nb5 Bxe3 7. fxe3 Qe5
8. Nd2 Nce7 9. b4 Kf8 10. Bd3 c6 11. Nf3 Qb8 12. Nbd4 d5 13. O-O Bg4 14. h3 h5
15. Qe1 dxe4 16. Bxe4 Nf6 17. Bd3 Qc7 18. hxg4 hxg4 19. Nh4 Re8 20. g3 Ned5 21.
e4 g5 22. Nhf5 Rh3 23. c4 Ne7 24. e5 Nxf5 25. Rxf5 Nh5 26. Bf1 Rxg3+ 27. Kh2
Ra3 28. Nb3 g3+ 29. Kh1 Ke7 30. Qd2 Nf4 31. Rxg5 Rh8+ 32. Kg1 Rh4 33. Rxg3 Qc8
34. Qd6+ Ke8 35. Rg8# 1-0

[Event "Open Bicentenario Móstoles 1808"]
[Site "Móstoles ESP"]
[Date "2008.05.26"]
[Round "5.21"]
[White "Sierra Bermejo, Gregorio"]
[Black "Hernandez Navas, Francisco Javier"]
[Result "0-1"]
[WhiteElo "1793"]
[BlackElo "2037"]
[PlyCount "61"]
[EventDate "2008.05.20"]
[EventType "swiss"]
[EventRounds "1"]
[EventCountry "ESP"]
[Source "lmi"]
[SourceDate "2008.05.20"]

1. c4 c5 2. Nc3 Nc6 3. Nf3 g6 4. d4 cxd4 5. Nxd4 Bg7 6. Nxc6 bxc6 7. e4 Bb7 8.
Bd3 d6 9. O-O Nf6 10. Be3 O-O 11. f3 d5 12. cxd5 cxd5 13. e5 Nd7 14. f4 Nxe5
15. Be2 Nc4 16. Bc1 Rc8 17. Qb3 Qb6+ 18. Qxb6 Nxb6 19. Bd2 d4 20. Nb5 Rc2 21.
Rfd1 Rxb2 22. Bd3 Bd5 23. Nc7 Bc4 24. Bxc4 Nxc4 25. Be1 Ne3 26. Rd2 Rfb8 27.
Na6 Rxd2 28. Nxb8 Rxg2+ 29. Kh1 d3 30. Rc1 Rc2 31. Bd2 0-1

[Event "Open Bicentenario Móstoles 1808"]
[Site "Móstoles ESP"]
[Date "2008.05.26"]
[Round "5.22"]
[White "Alcaraz Amoros, Antonio"]
[Black "Martinez Miura, Enrique"]
[Result "1-0"]
[WhiteElo "2123"]
[BlackElo "1761"]
[PlyCount "107"]
[EventDate "2008.05.20"]
[EventType "swiss"]
[EventRounds "1"]
[EventCountry "ESP"]
[Source "lmi"]
[SourceDate "2008.05.20"]

1. c4 c5 2. Nf3 Nf6 3. Nc3 Nc6 4. g3 g6 5. Bg2 Bg7 6. d4 cxd4 7. Nxd4 Nxd4 8.
Qxd4 O-O 9. Qh4 Qb6 10. O-O d6 11. b3 Bd7 12. Bh6 Bxh6 13. Qxh6 Qd4 14. Rac1
Rab8 15. h3 Bc6 16. Rfd1 Qe5 17. Qd2 Bxg2 18. Kxg2 Ne4 19. Qd5 Qxd5 20. Nxd5
Rfe8 21. f3 Nc5 22. e4 Kg7 23. Kf2 Nd7 24. Rd2 Nf6 25. Ne3 h5 26. a4 b6 27. b4
Rec8 28. Rdc2 Rc7 29. Nd5 Nxd5 30. cxd5 Rxc2+ 31. Rxc2 Rb7 32. Ke3 f6 33. f4
Rd7 34. Rc8 Rb7 35. Kd4 b5 36. a5 Kf7 37. e5 fxe5+ 38. fxe5 dxe5+ 39. Kxe5 Rd7
40. Rb8 a6 41. Rb6 Rc7 42. Rc6 Ra7 43. h4 Ra8 44. Kd4 g5 45. hxg5 Rg8 46. g6+
Rxg6 47. Rxg6 Kxg6 48. Ke5 Kg5 49. Ke6 Kg4 50. Kxe7 Kxg3 51. d6 h4 52. d7 h3
53. d8=Q h2 54. Qd5 1-0

[Event "Open Bicentenario Móstoles 1808"]
[Site "Móstoles ESP"]
[Date "2008.05.26"]
[Round "5.23"]
[White "Rodriguez Bachiller, Luis"]
[Black "Garcia Diaz, Victor Manuel"]
[Result "0-1"]
[WhiteElo "1898"]
[BlackElo "2088"]
[PlyCount "60"]
[EventDate "2008.05.20"]
[EventType "swiss"]
[EventRounds "1"]
[EventCountry "ESP"]
[Source "lmi"]
[SourceDate "2008.05.20"]

1. e4 c5 2. Nf3 d6 3. d4 cxd4 4. Nxd4 Nf6 5. Nc3 a6 6. Bd3 g6 7. O-O Bg7 8. Nb3
Nc6 9. Bg5 O-O 10. Qd2 Re8 11. Bh6 Bh8 12. Rfe1 b5 13. a3 Bb7 14. f3 Ne5 15.
Be3 Rc8 16. Rac1 d5 17. Qf2 dxe4 18. Bxe4 Nxe4 19. Nxe4 Bxe4 20. fxe4 Ng4 21.
Qf3 Nxe3 22. Qxe3 Bxb2 23. Rcd1 Qc7 24. Re2 Bxa3 25. Ra1 b4 26. h3 a5 27. Nd4
Qc4 28. Nf3 Red8 29. Qh6 Qxe2 30. Re1 Rd1 0-1

[Event "Open Bicentenario Móstoles 1808"]
[Site "Móstoles ESP"]
[Date "2008.05.26"]
[Round "5.24"]
[White "Moreno Alberti, Manuel"]
[Black "Martin-Consuegra Barrilero, Francisco Javier"]
[Result "1-0"]
[WhiteElo "2069"]
[BlackElo "1867"]
[PlyCount "51"]
[EventDate "2008.05.20"]
[EventType "swiss"]
[EventRounds "1"]
[EventCountry "ESP"]
[Source "lmi"]
[SourceDate "2008.05.20"]

1. e4 d5 2. exd5 Qxd5 3. d4 Nc6 4. Nf3 Bg4 5. Be2 O-O-O 6. c3 Nf6 7. Be3 e5 8.
dxe5 Qxd1+ 9. Bxd1 Nxe5 10. Be2 Bxf3 11. gxf3 Nd3+ 12. Kf1 Kb8 13. Nd2 Bc5 14.
Rg1 Bxe3 15. fxe3 g6 16. Nc4 Nc5 17. Kf2 Rhe8 18. a4 Nd3+ 19. Bxd3 Rxd3 20.
Rad1 Rxd1 21. Rxd1 Kc8 22. Rd4 Nd7 23. e4 Ne5 24. Ne3 Rd8 25. Ke2 h5 26. f4 1-0

[Event "Open Bicentenario Móstoles 1808"]
[Site "Móstoles ESP"]
[Date "2008.05.26"]
[Round "5.25"]
[White "Sanchez Alvarez, Jorge"]
[Black "Martos De La Vega, Alvaro"]
[Result "1/2-1/2"]
[WhiteElo "2038"]
[BlackElo "1858"]
[PlyCount "64"]
[EventDate "2008.05.20"]
[EventType "swiss"]
[EventRounds "1"]
[EventCountry "ESP"]
[Source "lmi"]
[SourceDate "2008.05.20"]

1. c4 Nf6 2. g3 g6 3. Bg2 Bg7 4. Nc3 O-O 5. e4 d6 6. Nge2 e5 7. O-O Nc6 8. f4
Ne7 9. h3 Nh5 10. d3 f5 11. Be3 h6 12. Qd2 Kh7 13. Rae1 Be6 14. Nd5 c6 15. Nxe7
Qxe7 16. b3 Qd7 17. Kh2 b6 18. d4 fxe4 19. dxe5 dxe5 20. Qxd7 Bxd7 21. Rd1 exf4
22. Bxf4 Rf7 23. Bxe4 Re8 24. Bf3 Nf6 25. Rfe1 Rfe7 26. Kg2 g5 27. Bd6 Re6 28.
g4 c5 29. Bg3 R8e7 30. Bd6 Re8 31. Bg3 R8e7 32. Bd6 Re8 1/2-1/2

[Event "Open Bicentenario Móstoles 1808"]
[Site "Móstoles ESP"]
[Date "2008.05.26"]
[Round "5.30"]
[White "Garcia Lopez, Fernando"]
[Black "Cortijo Manso, Luis"]
[Result "0-1"]
[WhiteElo "1798"]
[BlackElo "1701"]
[PlyCount "50"]
[EventDate "2008.05.20"]
[EventType "swiss"]
[EventRounds "1"]
[EventCountry "ESP"]
[Source "lmi"]
[SourceDate "2008.05.20"]

1. e4 c5 2. Nf3 d6 3. d4 Nf6 4. Nc3 cxd4 5. Nxd4 e6 6. g4 d5 7. f3 dxe4 8. fxe4
Bb4 9. Bb5+ Bd7 10. Bg5 Bxc3+ 11. bxc3 e5 12. Nf5 O-O 13. Qe2 a6 14. Bc4 Bc6
15. Qe3 Nxg4 16. Qd2 Qxd2+ 17. Bxd2 Bxe4 18. Bd3 Bxh1 19. Ke2 e4 20. Rxh1 exd3+
21. cxd3 Re8+ 22. Kf3 Ne5+ 23. Ke4 Nc4+ 24. Kd4 Nxd2 25. Rg1 Nf3+ 0-1

[Event "Open Bicentenario Móstoles 1808"]
[Site "Móstoles ESP"]
[Date "2008.05.26"]
[Round "5.32"]
[White "Corregidor Serrano, Julian"]
[Black "Prieto Velasco, Rafael"]
[Result "0-1"]
[WhiteElo "1872"]
[BlackElo "1568"]
[PlyCount "142"]
[EventDate "2008.05.20"]
[EventType "swiss"]
[EventRounds "1"]
[EventCountry "ESP"]
[Source "lmi"]
[SourceDate "2008.05.20"]

1. e4 e6 2. d4 d5 3. Nd2 Nf6 4. e5 Nfd7 5. Ngf3 c5 6. c3 Nc6 7. Be2 cxd4 8.
cxd4 Be7 9. O-O O-O 10. Nb3 f6 11. exf6 Bxf6 12. Be3 Re8 13. Qd2 a5 14. Rac1
Nf8 15. Rfd1 Bd7 16. Nc5 b6 17. Nxd7 Qxd7 18. Bb5 Rec8 19. Rc3 Ng6 20. Rdc1
Nge7 21. Qc2 Nxd4 22. Nxd4 Rxc3 23. bxc3 Qd6 24. Bd3 Kf7 25. Qe2 g6 26. Nf3 e5
27. Bb5 Rc8 28. Bg5 e4 29. Bxf6 Qxf6 30. Nd2 Rxc3 31. Rxc3 Qxc3 32. h3 Nf5 33.
Nb3 Qe5 34. Qd2 Kf6 35. Bc6 d4 36. Bd7 e3 37. Qe2 exf2+ 38. Qxf2 Qe3 39. Bxf5
gxf5 40. Nxd4 Qe4 41. Nf3 Qc6 42. Qd2 Qc5+ 43. Kh1 a4 44. Ne1 b5 45. Nd3 Qd4
46. Qb2 Qxb2 47. Nxb2 Ke5 48. Kg1 Kd4 49. Nd1 Kd3 50. Kf2 a3 51. g4 fxg4 52.
hxg4 b4 53. Ke1 b3 54. Nf2+ Kc2 55. axb3 a2 56. b4 a1=Q+ 57. Ke2 Qe5+ 58. Kf3
Kc3 59. b5 Kd4 60. b6 Qf6+ 61. Kg3 Qxb6 62. Nh3 Qd6+ 63. Kh4 Qh6+ 64. Kg3 Ke4
65. Nf2+ Ke3 66. Nh3 Qf6 67. g5 Qf5 68. Kh4 Kf3 69. Ng1+ Kg2 70. g6 hxg6 71.
Ne2 Qe4+ 0-1

[Event "Open Bicentenario Móstoles 1808"]
[Site "Móstoles ESP"]
[Date "2008.05.26"]
[Round "5.33"]
[White "Benitez Cadenas, Luis Miguel"]
[Black "De los Rios Camacho, Juan Antonio"]
[Result "1-0"]
[WhiteElo "1791"]
[BlackElo "1739"]
[PlyCount "79"]
[EventDate "2008.05.20"]
[EventType "swiss"]
[EventRounds "1"]
[EventCountry "ESP"]
[Source "lmi"]
[SourceDate "2008.05.20"]

1. d4 Nf6 2. c4 g6 3. Nc3 d5 4. cxd5 Nxd5 5. Bd2 Bg7 6. e4 Nxc3 7. Bxc3 O-O 8.
Qd2 b6 9. Bc4 Bb7 10. d5 Nd7 11. Bxg7 Kxg7 12. Nf3 f6 13. Qd4 e5 14. Qe3 Qe7
15. O-O a5 16. Rac1 Nc5 17. Ne1 f5 18. exf5 gxf5 19. f4 e4 20. Nc2 Rad8 21.
Qc3+ Qf6 22. Ne3 Qxc3 23. Rxc3 Rf6 24. a3 Ba6 25. b4 axb4 26. axb4 Bxc4 27.
Rxc4 Na6 28. Rc6 Nxb4 29. Rxc7+ Kg6 30. Rd1 Rfd6 31. Nc4 Rxd5 32. Ne5+ Kf6 33.
Rxd5 Rxd5 34. Kf1 Rd2 35. Ra7 e3 36. Nc4 Rf2+ 37. Kg1 e2 38. Kxf2 Nd3+ 39. Kxe2
Nxf4+ 40. Kf3 1-0

[Event "Open Bicentenario Móstoles 1808"]
[Site "Móstoles ESP"]
[Date "2008.05.26"]
[Round "5.34"]
[White "Ramos Garcia, Raul"]
[Black "Gutierrez Garcia, Alberto"]
[Result "1/2-1/2"]
[WhiteElo "1753"]
[BlackElo "1787"]
[PlyCount "113"]
[EventDate "2008.05.20"]
[EventType "swiss"]
[EventRounds "1"]
[EventCountry "ESP"]
[Source "lmi"]
[SourceDate "2008.05.20"]

1. d4 Nf6 2. c4 b6 3. Nc3 e6 4. e4 Bb7 5. Bg5 h6 6. Bh4 Be7 7. Bd3 Nc6 8. d5
Ne5 9. Bg3 Nxd3+ 10. Qxd3 O-O 11. Nge2 exd5 12. cxd5 a5 13. O-O Ba6 14. Qf3 Nh7
15. Rfd1 Ng5 16. Qe3 Bc5 17. Qd2 Re8 18. e5 d6 19. exd6 cxd6 20. Nd4 Bb4 21.
Nc6 Qf6 22. Re1 Ne4 23. Nxe4 Rxe4 24. Nxb4 Rxb4 25. Qc3 Rxb2 26. Qxf6 gxf6 27.
Bxd6 Rd8 28. Ba3 Rd2 29. d6 Rd3 30. Re3 Rd5 31. Rae1 Kh7 32. h3 Bb5 33. Re7 Kg6
34. R1e3 Bc4 35. Rg3+ Rg5 36. Rxg5+ hxg5 37. Rb7 b5 38. Bc5 Bxa2 39. Rxb5 a4
40. Ba3 f5 41. Ra5 Bb3 42. Ra7 Kf6 43. Re7 Be6 44. g3 Rd7 45. h4 g4 46. Kf1
Rxe7 47. dxe7 Bd7 48. Ke2 Kg6 49. Ke3 Kf6 50. Kf4 Be8 51. f3 gxf3 52. Kxf3 Kg6
53. Kf4 f6 54. h5+ Kxh5 55. Kxf5 Bd7+ 56. Kxf6 Kg4 57. Kf7 1/2-1/2

[Event "Open Bicentenario Móstoles 1808"]
[Site "Móstoles ESP"]
[Date "2008.05.27"]
[Round "6.1"]
[White "Mirzoev, Azer"]
[Black "Lariño Nieto, David"]
[Result "1-0"]
[WhiteElo "2543"]
[BlackElo "2422"]
[PlyCount "75"]
[EventDate "2008.05.20"]
[EventType "swiss"]
[EventRounds "1"]
[EventCountry "ESP"]
[Source "lmi"]
[SourceDate "2008.05.20"]

1. d4 Nf6 2. c4 c5 3. d5 e6 4. Nc3 exd5 5. cxd5 d6 6. e4 g6 7. Nf3 Bg7 8. Qa4+
Kf8 9. Qc2 a6 10. a4 Nbd7 11. Be2 Ng4 12. O-O Nde5 13. Nxe5 Bxe5 14. Bxg4 Bxg4
15. Bh6+ Kg8 16. f4 Bd4+ 17. Kh1 f6 18. h3 Bd7 19. Ne2 Kf7 20. Qd2 Qb6 21. Nxd4
cxd4 22. a5 Qa7 23. f5 g5 24. h4 gxh4 25. Qd1 Ke7 26. Qh5 Rag8 27. Qxh4 d3 28.
e5 dxe5 29. d6+ Kd8 30. Rac1 Bc6 31. Qxf6+ Kc8 32. d7+ Kb8 33. Qxe5+ Ka8 34.
Bg7 d2 35. Rcd1 Qb8 36. Qxb8+ Kxb8 37. Be5+ Ka7 38. Rxd2 1-0

[Event "Open Bicentenario Móstoles 1808"]
[Site "Móstoles ESP"]
[Date "2008.05.27"]
[Round "6.2"]
[White "Serrano Salvador, Eduardo"]
[Black "Sanchez, Joseph"]
[Result "0-1"]
[WhiteElo "2361"]
[BlackElo "2507"]
[PlyCount "88"]
[EventDate "2008.05.20"]
[EventType "swiss"]
[EventRounds "1"]
[EventCountry "ESP"]
[Source "lmi"]
[SourceDate "2008.05.20"]

1. d4 Nf6 2. Nf3 d5 3. c4 c6 4. e3 a6 5. Bd3 Bg4 6. h3 Bh5 7. Nc3 e6 8. O-O
Nbd7 9. e4 dxc4 10. Bxc4 b5 11. Bd3 Be7 12. a3 O-O 13. Bg5 c5 14. e5 Nd5 15.
Bxe7 Qxe7 16. Nxd5 exd5 17. Re1 c4 18. Bf5 Nb6 19. Re3 Bxf3 20. Qxf3 g6 21. Bc2
a5 22. Rae1 Qh4 23. g4 b4 24. e6 b3 25. Bb1 fxe6 26. Qg2 Rf6 27. g5 Rf7 28.
Rxe6 Qxd4 29. Bxg6 hxg6 30. Rxg6+ Kf8 31. Qg3 Qf4 32. Rxb6 Rc8 33. g6 Qxg3+ 34.
fxg3 Rd7 35. Rc1 a4 36. Rb4 Kg7 37. Rxa4 Re8 38. Rd1 Kxg6 39. Ra6+ Kg7 40. Rc6
Re2 41. Rxc4 dxc4 42. Rxd7+ Kf6 43. Rc7 Rxb2 44. Rxc4 Rc2 0-1

[Event "Open Bicentenario Móstoles 1808"]
[Site "Móstoles ESP"]
[Date "2008.05.27"]
[Round "6.3"]
[White "Madina Yadarola, Martin"]
[Black "Roa Alonso, Santiago"]
[Result "1/2-1/2"]
[WhiteElo "2277"]
[BlackElo "2482"]
[PlyCount "27"]
[EventDate "2008.05.20"]
[EventType "swiss"]
[EventRounds "1"]
[EventCountry "ESP"]
[Source "lmi"]
[SourceDate "2008.05.20"]

1. d4 d5 2. Bf4 Nf6 3. e3 e6 4. Nd2 c5 5. c3 Nc6 6. Bd3 Qb6 7. Rb1 cxd4 8. exd4
Be7 9. h3 O-O 10. Ngf3 Bd7 11. O-O Rac8 12. Qe2 a6 13. Ne5 Be8 14. Bg5 1/2-1/2

[Event "Open Bicentenario Móstoles 1808"]
[Site "Móstoles ESP"]
[Date "2008.05.27"]
[Round "6.4"]
[White "Dolezal, Cristian"]
[Black "Barria Zuñiga, Daniel"]
[Result "1/2-1/2"]
[WhiteElo "2436"]
[BlackElo "2422"]
[PlyCount "40"]
[EventDate "2008.05.20"]
[EventType "swiss"]
[EventRounds "1"]
[EventCountry "ESP"]
[Source "lmi"]
[SourceDate "2008.05.20"]

1. c4 e6 2. g3 d5 3. Bg2 Nf6 4. Nf3 dxc4 5. Qa4+ c6 6. Qxc4 b5 7. Qc2 Bb7 8. b3
c5 9. Bb2 Nbd7 10. d3 Be7 11. Nbd2 O-O 12. O-O a6 13. Rac1 Rc8 14. Qb1 Re8 15.
Qa1 Bf8 16. Rfd1 Qc7 17. Ne5 Bxg2 18. Kxg2 Qb7+ 19. Kg1 Nxe5 20. Bxe5 Nd5
1/2-1/2

[Event "Open Bicentenario Móstoles 1808"]
[Site "Móstoles ESP"]
[Date "2008.05.27"]
[Round "6.5"]
[White "Pogorelov, Ruslan"]
[Black "Martinez Tormo, Jorge"]
[Result "1-0"]
[WhiteElo "2423"]
[BlackElo "2219"]
[PlyCount "78"]
[EventDate "2008.05.20"]
[EventType "swiss"]
[EventRounds "1"]
[EventCountry "ESP"]
[Source "lmi"]
[SourceDate "2008.05.20"]

1. d4 d5 2. c4 c6 3. Nf3 e6 4. Nc3 Nf6 5. Bg5 Be7 6. e3 Nbd7 7. Qc2 O-O 8. a3
b6 9. cxd5 exd5 10. Bd3 h6 11. Bf4 Bb7 12. h3 c5 13. O-O Rc8 14. Bf5 Ra8 15.
Rfd1 c4 16. b3 cxb3 17. Qxb3 Nb8 18. Ne5 Nc6 19. Nxc6 Bxc6 20. Nb5 g6 21. Bd3
Kh7 22. Rdc1 Qd7 23. a4 Rac8 24. a5 Bxb5 25. Bxb5 Qe6 26. Bc7 Bc5 27. dxc5 Rxc7
28. cxb6 Rxc1+ 29. Rxc1 axb6 30. a6 Ne4 31. Rc6 Qe5 32. Qa3 Ra8 33. Rxb6 Rc8
34. f4 Qh5 35. Qe7 Rc1+ 36. Kh2 g5 37. Bd3 g4 38. Bxe4+ dxe4 39. Qxe4+ Kg7 1-0

[Event "Open Bicentenario Móstoles 1808"]
[Site "Móstoles ESP"]
[Date "2008.05.27"]
[Round "6.6"]
[White "Cabañas Jimenez, Manuel"]
[Black "Moreno Ruiz, Javier"]
[Result "0-1"]
[WhiteElo "2032"]
[BlackElo "2477"]
[PlyCount "94"]
[EventDate "2008.05.20"]
[EventType "swiss"]
[EventRounds "1"]
[EventCountry "ESP"]
[Source "lmi"]
[SourceDate "2008.05.20"]

1. e4 e6 2. d4 d5 3. Nc3 Bb4 4. Bd2 dxe4 5. Qg4 Nf6 6. Qxg7 Rg8 7. Qh6 Qxd4 8.
O-O-O Bf8 9. Qh4 Rg4 10. Qh3 Qxf2 11. Be3 Qh4 12. Qxh4 Rxh4 13. g3 Rh5 14. Be2
Bh6 15. Bxh6 Rxh6 16. Bb5+ Nbd7 17. Nge2 a6 18. Ba4 b5 19. Bb3 Bb7 20. Nf4 Nc5
21. h4 Rd8 22. Rxd8+ Kxd8 23. Re1 Ke7 24. Kd2 Nxb3+ 25. axb3 e5 26. Nh3 b4 27.
Na4 Ng4 28. Nc5 e3+ 29. Kc1 Bg2 30. Ng5 Rf6 31. Nd3 h6 32. Rg1 hxg5 33. Rxg2 a5
34. hxg5 Rg6 35. Kd1 Rxg5 36. Ke2 Kd6 37. c4 Rh5 38. Ne1 Rh1 39. Nc2 Rb1 40.
Kf3 f5 41. Nxe3 e4+ 42. Kf4 Nxe3 43. Kxe3 Ke5 44. Rd2 c6 45. Kf2 f4 46. gxf4+
Kxf4 47. Ke2 Rh1 0-1

[Event "Open Bicentenario Móstoles 1808"]
[Site "Móstoles ESP"]
[Date "2008.05.27"]
[Round "6.7"]
[White "Morales Rivera, John Alexander"]
[Black "Vukotic Jovsic, Dragan"]
[Result "1-0"]
[WhiteElo "2298"]
[BlackElo "2073"]
[PlyCount "101"]
[EventDate "2008.05.20"]
[EventType "swiss"]
[EventRounds "1"]
[EventCountry "ESP"]
[Source "lmi"]
[SourceDate "2008.05.20"]

1. e4 c5 2. Nf3 d6 3. d4 cxd4 4. Nxd4 Nf6 5. f3 e5 6. Bb5+ Bd7 7. Bxd7+ Qxd7 8.
Nf5 d5 9. Bg5 dxe4 10. Bxf6 Qxd1+ 11. Kxd1 gxf6 12. fxe4 Nc6 13. c3 O-O-O+ 14.
Kc2 Rg8 15. g3 Rg4 16. Nd2 Ne7 17. Rae1 h5 18. Re2 Nxf5 19. exf5 h4 20. Ne4 Be7
21. h3 Rxg3 22. Nxg3 hxg3 23. Rg2 Rg8 24. b4 Bd6 25. Kd3 b5 26. Ke4 Kd7 27. Rd1
Rc8 28. Rxg3 Rc4+ 29. Kd3 e4+ 30. Ke2 Kc6 31. Re3 Be5 32. h4 Bxc3 33. Rc1 Bxb4
34. Rxc4+ bxc4 35. Rxe4 Kd5 36. Re8 Bd6 37. Kd2 Be5 38. h5 Bf4+ 39. Kc3 Bg5 40.
Rg8 Bf4 41. Re8 Bg5 42. a4 a6 43. Rg8 Bc1 44. Rg1 Bh6 45. Re1 Bg5 46. Re2 Bh6
47. Re8 Bg5 48. Ra8 Ke4 49. Rxa6 Kxf5 50. Kxc4 Kg4 51. h6 1-0

[Event "Open Bicentenario Móstoles 1808"]
[Site "Móstoles ESP"]
[Date "2008.05.27"]
[Round "6.8"]
[White "Barco Cardona, Juan Carlos"]
[Black "Alvarez Abejon, Amilcar"]
[Result "0-1"]
[WhiteElo "2041"]
[BlackElo "2108"]
[PlyCount "86"]
[EventDate "2008.05.20"]
[EventType "swiss"]
[EventRounds "1"]
[EventCountry "ESP"]
[Source "lmi"]
[SourceDate "2008.05.20"]

1. e4 c5 2. Nf3 g6 3. g3 Bg7 4. Bg2 Nc6 5. d3 d6 6. Nbd2 e5 7. O-O Nge7 8. c3
O-O 9. Qe2 h6 10. Nh4 g5 11. Nhf3 f5 12. exf5 Bxf5 13. h3 Qd7 14. g4 Bh7 15.
Nc4 Ng6 16. Nh2 d5 17. Na3 Nh4 18. Bh1 Rae8 19. f3 Ne7 20. Nc2 Neg6 21. Ne1 Nf4
22. Bxf4 exf4 23. Qd2 Re3 24. Rf2 Rfe8 25. Nf1 Qe7 26. Ng2 Nxf3+ 27. Rxf3 Rxf3
28. Re1 Qd7 29. Rxe8+ Qxe8 30. Ne1 Rxh3 31. Bxd5+ Kh8 32. Kg2 Rh4 33. Bf3 h5
34. Nh2 Qe6 35. Qe2 Qxe2+ 36. Bxe2 hxg4 37. Bxg4 Bg8 38. Bf3 b6 39. Kg1 Be6 40.
Ng2 Rh6 41. Ng4 Rh3 42. Kf2 Bxg4 43. Bxg4 Rxd3 0-1

[Event "Open Bicentenario Móstoles 1808"]
[Site "Móstoles ESP"]
[Date "2008.05.27"]
[Round "6.9"]
[White "Kovacevic, Slobodan"]
[Black "Quintero Torres, Pedro"]
[Result "1-0"]
[WhiteElo "2426"]
[BlackElo "2078"]
[PlyCount "105"]
[EventDate "2008.05.20"]
[EventType "swiss"]
[EventRounds "1"]
[EventCountry "ESP"]
[Source "lmi"]
[SourceDate "2008.05.20"]

1. d4 Nf6 2. Nf3 g6 3. Bg5 Ne4 4. Bf4 Bg7 5. c3 d5 6. Nbd2 Nd6 7. e3 c6 8. Be2
Nd7 9. O-O O-O 10. a4 a5 11. b4 Nf6 12. Qb3 Bf5 13. Rfc1 Nfe4 14. Ra3 Bg4 15.
Bd3 Nxd2 16. Nxd2 Re8 17. h3 Bf5 18. Bf1 e5 19. Bh2 Qb6 20. Nf3 f6 21. b5 Qd8
22. Ra2 cxb5 23. axb5 b6 24. Ra4 Rc8 25. dxe5 fxe5 26. Qxd5+ Be6 27. Qd1 Nc4
28. Qc2 Bf7 29. Bg3 Qd7 30. Ng5 Nd6 31. Rd1 Qe7 32. Nxf7 Nxf7 33. Bc4 Kh8 34.
Bd5 Nd6 35. Bc6 Rf8 36. e4 Rcd8 37. Raa1 h5 38. Qe2 Bh6 39. f3 Bf4 40. Bf2 Nc8
41. Bd5 Rf6 42. Kh1 Bh6 43. c4 Bf8 44. c5 bxc5 45. Rxa5 Qc7 46. Ra2 Rb6 47.
Rad2 Nd6 48. Be6 Nf7 49. Rd7 Rxd7 50. Rxd7 Rc6 51. bxc6 Qxc6 52. Rxf7 Kg8 53.
Qc4 1-0